000 00713nam a22002297a 4500
001 6863
003 FISKH
005 20250826101824.0
008 250604b cb ||||| |||| 00| 0 eng d
020 _a9780516269733
040 _aFISKH
_beng
_cFISKH
_dFISKH
050 _aF1219 .S29
082 _a972.018
100 _aSantella, Andrew
245 _aThe Aztec /
_cA true book by Andrew Santella
260 _aNew York :
_bChildren's Press,
_c2002.
300 _a47 pages :
_bcolor illustrations ;
_c22 cm
520 _aDescribes the Aztec way of life, including their religion, society, capital city, and government.
650 _aHistory
_vCivilizations
_xAztecs
942 _2ddc
_cBK
_n0
999 _c6863
_d6863